Statistics for Countries by Carbon Dioxide Emissions per Capita

Click here to take the quiz!

General Stats

  • This quiz has been taken 26,054 times
    (10,795 since last reset)
  • The average score is 10 of 21

Answer Stats

CO2 Change Answer % Correct
16.5-18.3United States
99%
11.911.6Russia
81%
15.1-13.0Canada
81%
9.5-0.9Japan
80%
15.4-10.6Australia
69%
19.536.6Saudi Arabia
67%
23.3-34.7United Arab Emirates
62%
11.621.5South Korea
61%
45.4-22.5Qatar
59%
25.2-3.4Kuwait
55%
15.460.0Oman
54%
23.4-16.4Bahrain
51%
10.3-15.3Singapore
49%
9.9-8.9Netherlands
28%
17.4-8.1Luxembourg
26%
22.156.5Brunei
25%
14.481.0Kazakhstan
21%
12.550.6Turkmenistan
12%
14.839.6Estonia
11%
12.3-5.1Palau
7%
34.281.7Trinidad and Tobago
5%

Score Distribution

Percentile by Number Answered

Percent of People with Each Score

Your Score History

You have not taken this quiz since the last reset